| 000 | 00668cam a22002293a 4500 | ||
|---|---|---|---|
| 001 | 2036 | ||
| 003 | PGUSA | ||
| 005 | 20140828083009.0 | ||
| 008 | 000101s2000||||xxu|||||s|||||000 | eng d | ||
| 040 |
_aPGUSA _beng |
||
| 042 | _adc | ||
| 050 | 4 | _aDS | |
| 100 | 1 |
_aBaker, Samuel White, _cSir, _d1821-1893 |
|
| 245 | 1 | 0 |
_aEight Years' Wanderings in Ceylon _h[electronic resource] / _cSamuel White, Baker |
| 260 |
_bProject Gutenberg, _c2000 |
||
| 506 | _aPublic domain in the USA. | ||
| 516 | _aElectronic text | ||
| 653 | _aSri Lanka -- Description and travel | ||
| 830 | 0 |
_aProject Gutenberg _v2036 |
|
| 856 | 4 | 0 | _uhttp://www.gutenberg.org/ebooks/2036 |
| 942 | _cEB | ||
| 999 |
_c231375 _d231375 |
||